• 首页
  • 本馆介绍
  • 公告通知
  • 最新文献
  • 馆藏检索
  • 电子资源
  • 读者导购
  • 参考咨询
  • 我的图书馆
  • 登录
  • 详细信息显示
  • 放入我的书架
  • 预约/预借图书
  • 作者相关作品
  • 分类相关作品
  • 丛书相关作品
  • 出版社相关作品

书目信息

  • 表格格式
  • 工作单格式
  • 卡片格式
题名:
日本文化中的性角色
    
 
作者: 布鲁玛 著 ;张晓凌 , 季南 译
分册:  
出版信息: 北京   光明日报出版社  1989.4
页数: 242页
开本: 19cm
丛书名:
单 册:
中图分类: C913.14
科图分类:
主题词: 性问题
电子资源:
ISBN: 7-80014-368-6
000 00710nam0 2200241 45
001 0189021783
005 20050613155719.6
010    @a7-80014-368-6@dCNY3.00
020    @aCN@b89021783
100    @a19910905d1989 m y0chiy0120 ea
101 1  @achi
102    @aCN@b110000
105    @ay z 000zy
200 10 @a日本文化中的性角色@Ari ben wen hua zhong de xing jiao se@f(荷)伊恩·布鲁玛著@F(He)Yi En·Bu Lu Ma Zhu@g张晓凌,季南译
210    @a北京@c光明日报出版社@d1989.4
215    @a242页@d19cm
606 0  @a性问题
690    @aC913.14@v3
701  0 @a布鲁玛@4著
702  0 @a张晓凌@Azhang xiao ling@4译
702  0 @a季南@Aji nan@4译
801  0 @aCN@bNLC@c19910905
905    @dC913.14@e191@f1@b260754
    
    日本文化中的性角色/(荷)伊恩·布鲁玛著/张晓凌,季南译.-北京:光明日报出版社,1989.4
    242页;19cm
    
    
    ISBN 7-80014-368-6:CNY3.00
    
●
相关链接 在E读中查询图书 在五车中查询图书 在当当中查询图书 在豆瓣中查询图书


正题名:日本文化中的性角色     索取号:C913.14/191         预约/预借

序号 登录号 条形码 馆藏地/架位号 状态 备注
1 0260754   000370583   第一样本阅览室/ [索取号:C913.14/191] 在馆    
2 0260755   000370618   第一借阅区/ [索取号:C913.14/191] 在馆    
唐山师范学院图书馆 欢迎您!
大连网信软件有限公司© 版权所有